Vista normal
Vista MARC
Entrada Personal Name
Número de registros utilizados en: 2
001 - CONTROL NUMBER
- control field: 16270
003 - CONTROL NUMBER IDENTIFIER
- control field: DLC
005 - DATE AND TIME OF LATEST TRANSACTION
- control field: 20240930152240.0
008 - FIXED-LENGTH DATA ELEMENTS
- fixed length control field: 070719n| acannaabn |n aaa
010 ## - LIBRARY OF CONGRESS CONTROL NUMBER
- LC control number: n 2007050813
040 ## - CATALOGING SOURCE
- Original cataloging agency: DLC
- Language of cataloging: spa
- Transcribing agency: Mx-PuUPA
- Modifying agency: Mx-PuUPA
- Description conventions: rda
046 ## - SPECIAL CODED DATES
- Birth date: 1964
100 1# - HEADING--PERSONAL NAME
- Personal name: Ramellini, Pietro,
- Dates associated with a name: 1964-
374 ## - OCCUPATION
- Occupation: Editor
375 ## - GENDER
- Gender: hombre
377 ## - ASSOCIATED LANGUAGE
- Language code: eng
670 ## - SOURCE DATA FOUND
- Source citation: Ramellini, Pietro. Il corpo vivo, c2006:
- Information found: t.p. (Pietro Ramellini) back cover flap (b. 1964 in Novara [Italy])